| 000 | 00859nam a2200277Ia 4500 | ||
|---|---|---|---|
| 001 | Z_5286 | ||
| 003 | CHAP | ||
| 008 | 220113s2005 xx 000 0 und d | ||
| 010 | _a168350 | ||
| 040 | _cCHAP | ||
| 090 | _aTesis G 1888 | ||
| 100 |
_aGarcía Lira, Carlos _946201 |
||
| 245 |
_aFactibilidad técnico-económica para producir cordero para abasto bajo condiciones de pastoreo intensivo tecnificado en Miguel Auza, Zacatecas / _cCarlos García Lira |
||
| 260 |
_aChapingo, Méx. : _bEl autor, _c2005 |
||
| 300 | _a107 h. | ||
| 502 | _aTesis (Ing. Agr. Esp. en Zootecnia) -- UACH. Departamento de Zootecnia | ||
| 650 |
_aGanado lanar _xPastoreo _945209 |
||
| 650 |
_aGanado lanar _xProducción _945214 |
||
| 650 |
_aPastoreo _985984 |
||
| 901 | _aTESIS G 1888 | ||
| 902 | _aM | ||
| 910 | _a2005 | ||
| 942 | _c2 | ||
| 942 | _c2 | ||
| 999 |
_c168350 _d168350 |
||